Central Library OPAC University of Rajshahi

Acting Shakespeare / (Record no. 54674)

MARC details
000 -LEADER
fixed length control field 00736nam a2200241 a 4500
001 - CONTROL NUMBER
control field 54674
003 - CONTROL NUMBER IDENTIFIER
rucl marc code BD-RjUL
005 - DATE AND TIME OF LATEST TRANSACTION
control field 20211209080144.0
008 - FIXED-LENGTH DATA ELEMENTS--GENERAL INFORMATION
fixed length control field 161108s1960 enk 000 0 eng
035 ## - SYSTEM CONTROL NUMBER
System control number (BD-RjUL)54796
040 ## - CATALOGING SOURCE
Original cataloging agency DLC
Transcribing agency MNoW
Modifying agency Uk
-- BD-RjUL
Language of cataloging eng
041 ## - LANGUAGE CODE
Language code of text/sound track or separate title eng
082 ## - DEWEY DECIMAL CLASSIFICATION NUMBER
Edition number 23
Classification number 822.33
Author mark and year JAO 1962
100 1# - MAIN ENTRY--PERSONAL NAME
Personal name Joseph, Bertram Leon.
9 (RLIN) 163045
245 10 - TITLE STATEMENT
Title Acting Shakespeare /
Statement of responsibility, etc. by Bertram Joseph.
260 ## - PUBLICATION, DISTRIBUTION, ETC. (IMPRINT)
Place of publication, distribution, etc. London :
Name of publisher, distributor, etc. Routledge & Kegan Paul,
Date of publication, distribution, etc. c1960 [impression 1962]
300 ## - PHYSICAL DESCRIPTION
Pagination xv, 199 p. :
Illustrations ill. ;
Size 22 cm.
500 ## - GENERAL NOTE
General note Bibliographical footnotes.
600 10 - SUBJECT ADDED ENTRY--PERSONAL NAME
Personal name Shakespeare, William,
Dates associated with a name 1564-1616
General subdivision Dramatic production.
650 #0 - SUBJECT ADDED ENTRY--TOPICAL TERM
Topical term or geographic name as entry element Acting.
9 (RLIN) 163047
942 ## - ADDED ENTRY ELEMENTS (KOHA)
Source of classification or shelving scheme Dewey Decimal Classification
Koha item type Books
Holdings
Lost status Source of classification or shelving scheme Damaged status Not for loan Collection code Permanent Location Current Location Shelving location Date acquired Source of acquisition Cost, normal purchase price Total Checkouts Full call number Date last seen Copy number Koha item type
  Dewey Decimal Classification     Non-fiction Central Library, University of Rajshahi Central Library, University of Rajshahi   25/10/1965 Blackwell 25.00   822.33 JAO 1962 08/11/2016 C-2 Books